000 01003nam a2200301 i 4500
001 bg
003 BPK
005 20191104142008.0
008 050401s2005 pl a f f |000 0 pol
015 _aPB 2005/5914
020 _a8372515182
040 _aWA N
_cBPK
041 0 _apol
080 _a336
080 _a(075.8)
245 0 0 _aFinanse :
_bpraca zbiorowa /
_cpod red. nauk. Janusza Ostaszewskiego ; [aut. Zdzisław Fedorowicz et al.].
250 _aWyd. 2 zm. i rozsz.
260 _aWarszawa :
_b"Difin",
_c2005.
300 _a350 s. :
_bwykr. ;
_c24 cm.
504 _aBibliogr. s. 345-349, wykaz aktów prawnych s. 350.
650 4 _aFinanse
655 4 _aPodręczniki akademickie
700 1 _aOstaszewski, Janusz
_d(1956- ).
_eRedakcja
700 1 _aFedorowicz, Zdzisław
_d(1922-2007)
_eAutor
710 2 _aDifin
_4pbl.
856 _uhttp://koha.tu.koszalin.pl/cgi-bin/koha/opac-detail.pl?biblionumber=46052
_yKatalog online BPK
942 _2UKD
_cKS
999 _c46052
_d46052